书目信息 |
| 题名: |
朱元璋的正面与侧面
|
|
| 作者: | 李林楠 著 | |
| 分册: | ||
| 出版信息: | 北京 台海出版社 2017 |
|
| 页数: | 276页 | |
| 开本: | 23cm | |
| 丛书名: | 战争事典系列丛书 | |
| 单 册: | ||
| 中图分类: | K827=48 , K827 | |
| 科图分类: | ||
| 主题词: | ||
| 电子资源: | ||
| ISBN: | 978-7-5168-1586-1 | |
| 000 | 00862oam2 2200265 450 | |
| 001 | 2137348307 | |
| 005 | 20210104102245.09 | |
| 010 | @a978-7-5168-1586-1@dCNY89.80 | |
| 100 | @a20171124d2017 em y0chiy50 ea | |
| 101 | 0 | @achi |
| 102 | @aCN@b110000 | |
| 105 | @ay z 000yy | |
| 200 | 1 | @a朱元璋的正面与侧面@9zhu yuan zhang de zheng mian yu ce mian@b专著@e侍卫亲军眼中的洪武大帝与明初史事@f李林楠著 |
| 210 | @a北京@c台海出版社@d2017 | |
| 215 | @a276页@d23cm | |
| 225 | 2 | @a战争事典系列丛书@i特辑@v008 |
| 300 | @a指文图书 | |
| 462 | 0 | @12001 @a特辑 |
| 517 | 1 | @a侍卫亲军眼中的洪武大帝与明初史事@9shi wei qin jun yan zhong de hong wu da di yu ming chu shi shi |
| 600 | 0 | @a朱元璋@f1328-1398@x生平事迹 |
| 690 | @aK827=48@v5 | |
| 690 | @aK827@v4 | |
| 701 | 0 | @a李林楠@9li lin nan@4著 |
| 801 | 2 | @aCN@b58marc.cn@c20181024 |
| 905 | @aZUCC@dK827@e338 | |
| 朱元璋的正面与侧面:侍卫亲军眼中的洪武大帝与明初史事/李林楠著.-北京:台海出版社,2017 |
| 276页;23cm.-(战争事典系列丛书.特辑;008) |
| 指文图书 |
| ISBN 978-7-5168-1586-1:CNY89.80 |
| ● |
| 相关链接 |
|
|
|
正题名:朱元璋的正面与侧面
索取号:K827/338
 
预约/预借
| 序号 | 登录号 | 条形码 | 馆藏地/架位号 | 状态 | 备注 |
| 1 | 2000877155 | 2000877155 | 第二书库/ [索取号:K827/338] | 在馆 | |
| 2 | 2000877156 | 2000877156 | 第二书库/ [索取号:K827/338] | 在馆 | |
| 3 | 2000877157 | 2000877157 | 第二书库/ [索取号:K827/338] | 在馆 |